Factorials - 1 to 12 - Statistics

General Stats
  • This quiz has been taken 724 times
  • The average score is 9 of 12
Answer Stats
Hint Answer % Correct
1! 1
100%
2! 2
99%
3! 6
97%
4! 24
93%
5! 120
90%
6! 720
89%
7! 5040
80%
8! 40320
74%
9! 362880
63%
10! 3628800
61%
11! 39916800
30%
12! 479001600
19%
No matching quizzes found
Score Distribution
Percent of People with Each Score
Percentile by Number Answered
Your Score History
You have not taken this quiz